<?xml version="1.0" encoding="UTF-8"?>
<record
    xmlns:xsi="http://www.w3.org/2001/XMLSchema-instance"
    xsi:schemaLocation="http://www.loc.gov/MARC21/slim http://www.loc.gov/standards/marcxml/schema/MARC21slim.xsd"
    xmlns="http://www.loc.gov/MARC21/slim">

  <leader>00322nam a2200109Ia 4500</leader>
  <controlfield tag="008">180126s9999||||xx |||||||||||||| ||und||</controlfield>
  <datafield tag="020" ind1=" " ind2=" ">
    <subfield code="c">NT350</subfield>
    <subfield code="a">978-986-320-661-3</subfield>
  </datafield>
  <datafield tag="100" ind1=" " ind2=" ">
    <subfield code="a">&#x738B;&#x632F;&#x5A01;</subfield>
  </datafield>
  <datafield tag="245" ind1=" " ind2="0">
    <subfield code="c">&#x738B;&#x632F;&#x5A01;</subfield>
    <subfield code="a">&#x5FEB;&#x6A02;&#xFF0C;&#x4E00;&#x76F4;&#x90FD;&#x5728;&#xFF1A;&#x6539;&#x8B8A;&#x5FC3;&#x9748;&#x6A21;&#x5F0F;&#xFF0C;&#x7531;&#x5167;&#x800C;&#x5916;&#x627E;&#x56DE;&#x81EA;&#x5728;&#x5713;&#x6EFF;</subfield>
  </datafield>
  <datafield tag="250" ind1=" " ind2=" ">
    <subfield code="a">&#x4E00;&#x7248;</subfield>
  </datafield>
  <datafield tag="260" ind1=" " ind2=" ">
    <subfield code="c">2015.02</subfield>
  </datafield>
  <datafield tag="942" ind1=" " ind2=" ">
    <subfield code="2">ccl</subfield>
    <subfield code="c">BOOK</subfield>
  </datafield>
  <datafield tag="999" ind1=" " ind2=" ">
    <subfield code="c">115</subfield>
    <subfield code="d">115</subfield>
  </datafield>
  <datafield tag="952" ind1=" " ind2=" ">
    <subfield code="0">0</subfield>
    <subfield code="1">0</subfield>
    <subfield code="2">ccl</subfield>
    <subfield code="4">0</subfield>
    <subfield code="7">0</subfield>
    <subfield code="a">yeezen</subfield>
    <subfield code="b">yeezen</subfield>
    <subfield code="d">2018-01-26</subfield>
    <subfield code="l">3</subfield>
    <subfield code="m">2</subfield>
    <subfield code="o">226.965 </subfield>
    <subfield code="p">C02285</subfield>
    <subfield code="r">2024-02-29 00:00:00</subfield>
    <subfield code="s">2024-02-01</subfield>
    <subfield code="w">2018-01-26</subfield>
    <subfield code="y">BOOK</subfield>
  </datafield>
</record>
